| 000 | 01181cam a2200241Mi 4500 | ||
|---|---|---|---|
| 001 | dasatlantisbuchd00matt | ||
| 003 | CaSfIA | ||
| 005 | 20210118001018.0 | ||
| 007 | cr|||| | ||
| 008 | 981216s1953 xx 000 0 und d | ||
| 040 |
_aGEBAY _bger _cGEBAY _dOCLCQ _dCaSfIA |
||
| 035 | _a(OCoLC)163692141 | ||
| 245 | 0 | 0 |
_aDas Atlantisbuch der Kunst. _h[electronic resource] |
| 260 | _c1953. | ||
| 500 | _aEine Enzy klopquadie d.bildenden Künste. (Hrsg.v. Werner v. Matthey [u.a.] l. Aufl.)<br>Zürich: Atlantis-Verl. (1953). 898 S. m. Abb., 16 Taf. | ||
| 700 | 1 | _aMatthey, Werner von. | |
| 029 | 1 |
_aGEBAY _b5146579 |
|
| 856 | 4 | 1 |
_uhttp://www.archive.org/details/dasatlantisbuchd00matt _zFree eBook from the Internet Archive |
| 856 | 4 | 2 |
_uhttp://www.openlibrary.org/books/OL24391610M _zAdditional information and access via Open Library |
| 942 | _cEB | ||
| 506 | _fНеобхідна авторизація на https://archive.org/ (створення облікового запису безкоштовно) | ||
| 506 | _fНеобхідна авторизація на https://openlibrary.org/ (створення облікового запису безкоштовно) | ||
| 999 |
_c486585 _d486585 |
||